| 000 | 01387nam a22003497a 4500 | ||
|---|---|---|---|
| 001 | 000023204 | ||
| 003 | DO-SdBNP | ||
| 005 | 20180402140716.0 | ||
| 007 | 000023204 | ||
| 008 | 160506b 20uu dr a 00| 0 spa d | ||
| 020 | _a9945400223 | ||
| 040 |
_aBPMSU _bspa _cBPMSU |
||
| 092 |
_a373.54 _bR579q 1ro. [20--] |
||
| 100 | 1 | _aRincón, Andrea Griselda | |
| 245 | 1 | 0 |
_aQuímica 3 : _bteoría y práctica / _cAndrea Griselda Rincón, Julia Mery Vásquez Güichardo ; ilustraciones Ramón Sandoval. |
| 260 |
_aSanto Domingo : _bActualidad Escolar 2000, _c[20--]. |
||
| 300 |
_a197 p. : _bil. ; _c28 cm. |
||
| 500 | _aSegundo ciclo educación media | ||
| 504 | _aBibliografía : p. 197 | ||
| 505 | 0 |
_gUnidad 1 _tLa química del carbono y sus compuestos -- _gUnidad 2 _tLos hidrocarburos -- _gUnidad 3 _tCompuestos carbonados -- _gUnidad 4 _tBiomoléculas que sustentan vida -- |
|
| 650 | 4 |
_aQUÍMICA _xENSEÑANZA SECUNDARIA |
|
| 650 | 4 |
_aQUÍMICA _xLIBROS DE TEXTOS |
|
| 650 | 4 |
_aQUÍMICA _xESTUDIOS Y EJERCICIOS |
|
| 650 | 4 |
_aQUÍMICA _xEDUCACIÓN SECUNDARIA |
|
| 650 | 4 |
_aEDUCACIÓN SECUNDARIA _zREPÚBLICA DOMINICANA |
|
| 700 | 1 | 2 | _aVásquez Güichardo, Julia Mery |
| 700 | 1 | 2 |
_aSandoval, Ramón, _eil. |
| 910 | _aValidado. Control de calidad MFF | ||
| 942 |
_2ddc _cBK |
||
| 945 | _aRemanejada para la BNPHU, 2018 / BT | ||
| 956 |
_2LOPEREZ _310 _620160506 _8BPMSU _a00041 |
||
| 999 |
_c10020 _d10020 |
||